00482nam a2200133 a 4500008004100000050002100041110002500062245007300087260004000160300003400200650003200234650005100266650003100317180911s2014 ||||||||||||||||| || u aBOZ(058)FSS/2014 aBank Of Zambia (BOZ)10aFinancial system supervision: annual report, 2014cby Bank of Zambia aLusaka:bBank of Zambia (BOZ)c2014 aiii, 52 pages : illustrations aBANKS AND BANKING -- ZAMBIA aBANKS AND BANKING --ZAMBIA-- STATE SUPERVISION aBANKS AND BANKING, CENTRAL